Control constitucional y presidencialismo monr̀quico (1886-1910)

Detalles Bibliográficos
Autor principal: Maya Chaves, Mara̕ Još
Formato: eBook
Lenguaje:español
Publicado: Bogot:̀ Universidad de Los Andes (Colombia), 2015
Materias:
Acceso en línea:Acceso restringido

MARC

LEADER 00000nam a22000007a 4500
005 2019052108538.0
007 cr|||| ||||
008 190521s2015 co |||||s|||| 00||0 spa d
020 |a 978-958-774-020-2 
035 |a 23310 
040 |a vLex 
090 |c 8784  |d 8784 
100 1 |a Maya Chaves, Mara̕ Još 
245 1 0 |a Control constitucional y presidencialismo monr̀quico (1886-1910)  |h [Recurso electrn̤ico] /  |c Mara̕ Jos ̌Maya Chaves 
256 |a Servicio en ln̕ea 
260 |a Bogot:̀  |b Universidad de Los Andes (Colombia),  |c 2015 
300 |a 1 recurso electrn̤ico 
506 1 |a Disponible solo en los productos indicados  |d vLex Global  |d vLex Global (Academic Edition, excluding Law Schools)  |d vLex Global (U.S. Academic Edition, Law Schools)  |d vLex Global (U.S. Academic Edition, excluding Law Schools)  |d vLex Global (Academic Edition, Law Schools) 
650 0 4 |a Derecho Constitucional  |z Colombia 
740 0 |a vLex Libros (Servicio en ln̕ea) 
856 4 0 |u http://vlex.com/source/control-constitucional-presidencialismo-monarquico-1886-1910-23310  |z Acceso restringido 
942 |c BOOK 
999 0 |a Constitutional right